000
00245nam a2200097 a 4500
005
20200930024528.0
008
110315s2010 000 spa d
245
0
_a
Uso de los recursos naturales por el hombre.
260
_c
2010.
999
_c
25852
_d
25852
040
_a
DO-SdBNP